[Event "Dos Hermanas"]
[Site "Dos Hermanas"]
[Date "1995.??.??"]
[Round "9"]
[White "Salov, Valery"]
[Black "Shirov, Alexei"]
[Result "1/2-1/2"]
[WhiteElo "2715"]
[BlackElo "2710"]
[Annotator "Salov,V"]
[PlyCount "121"]
[EventDate "1995.04.??"]
[EventType "tourn"]
[EventRounds "9"]
[EventCountry "ESP"]
[EventCategory "18"]
[SourceTitle "CBM 047"]
[Source "ChessBase"]
[SourceDate "1995.08.01"]
[SourceVersion "1"]
[SourceVersionDate "1995.08.01"]
[SourceQuality "1"]

1. d4 {Hecht} d5 2. c4 c6 3. Nc3 Nf6 4. e3 e6 5. Nf3 Nbd7 6. Qc2 Bd6 7. e4 e5
8. cxd5 cxd5 9. exd5 O-O 10. Be2 Re8 {N} (10... exd4 11. Nxd4 Nb6 12. Bg5 h6
13. Bh4 Be7 14. Qb3 Nbxd5 15. Rd1 Qa5 16. O-O Nxc3 17. bxc3 Bd7 $1 $10 {
Mascarinas-Flear,Aosta 1989}) 11. Bg5 h6 12. Bh4 Qc7 (12... e4 $5 13. Nxe4 $4
Rxe4 14. Qxe4 Qa5+) 13. O-O-O (13. Bxf6 $5 Nxf6 14. dxe5 Bxe5 15. Nxe5 Rxe5 16.
O-O-O Bf5 17. Bd3 Bxd3 18. Rxd3 Rc8 $44) 13... e4 14. Nd2 g5 $1 15. Bg3 Nb6 16.
Nf1 Bf4+ 17. Ne3 Qd8 $3 18. d6 Qxd6 19. Kb1 Be6 20. d5 $1 Nfxd5 21. Nexd5 (21.
Ncxd5 Nxd5 22. Bc4 (22. Bxf4 gxf4 23. Nxd5 Bxd5 24. Bc4 Re5 25. Qd2 e3 $1)
22... Nxe3 23. fxe3 Qe7 (23... Qc7 24. Bxe6 Qxc2+ 25. Kxc2 Bxg3 26. Bd7 $16)
24. Bxe6 Bxg3 25. Bxf7+ Qxf7 26. hxg3 Rac8 $132) 21... Nxd5 $8 (21... Bxd5 22.
Nxd5 Nxd5 23. Bc4 $16) 22. Rxd5 Bxd5 23. Rd1 Bxa2+ 24. Kxa2 Qe6+ 25. Qb3 (25.
Nd5 Rac8 26. Qb3 Rc5 $132) 25... Qxb3+ 26. Kxb3 Bxg3 27. hxg3 Rad8 $1 $8 28.
Nxe4 Rxd1 29. Nf6+ Kf8 30. Bxd1 {Hecht: BN<->RP. Der wN findet keinen
Stützpunkt.} Rd8 {[#]} (30... Re1 $5) 31. Bf3 Ke7 32. Nd5+ Ke6 33. Ne3 Rd2 34.
Nd1 (34. Bxb7 h5 $10) 34... f5 35. Kc3 Rd7 36. Ne3 Ke5 37. g4 Rc7+ $1 38. Kb3
f4 39. Nc4+ Ke6 40. Na5 b6 41. Nc6 Kd6 $10 42. Nd4 Ke5 43. Nb5 $5 (43. Nc6+ $10
) 43... Re7 44. Kc3 a6 45. Na3 b5 46. Be2 Rc7+ 47. Kd2 Rd7+ 48. Bd3 f3 (48...
b4 49. Nc4+ Kd4 50. Na5 Kc5 $10) 49. g3 Rd4 50. Nc2 Rxg4 51. b3 h5 52. Ke3 (52.
Bg6 $2 h4 53. Bh5 hxg3 54. Bxg4 g2 55. Ne1 Kf4 56. Nxf3 Kxg4 57. Ng1 a5 $19)
52... a5 $8 (52... h4 $2 53. Kxf3 h3 54. Kxg4 h2 55. f4+ Kd5 56. Be2 $18) 53.
Bxb5 Re4+ 54. Kxf3 g4+ 55. Kg2 Kd6 56. f3 $2 (56. Ne3 Kc5 57. Ba4 $14) 56...
Re5 $1 57. Bc4 gxf3+ 58. Kxf3 Rc5 59. Ne3 Ke5 60. Ke2 a4 $1 $10 61. bxa4 (61.
b4 Rc7 62. Kd3 a3 63. Kc3 Rg7 64. Nf1 Rg4 $15) (61. bxa4 {Hecht} Kd4 $10 {
und Te5 =}) 1/2-1/2

[Event "Pamplona 18th"]
[Site "Pamplona"]
[Date "2008.12.28"]
[Round "6"]
[White "Sasikiran, Krishnan"]
[Black "Roiz, Michael"]
[Result "1-0"]
[WhiteElo "2694"]
[BlackElo "2677"]
[Annotator "Sasikiran,K"]
[PlyCount "65"]
[EventDate "2008.12.22"]
[EventType "tourn"]
[EventRounds "7"]
[EventCountry "ESP"]
[EventCategory "16"]
[SourceTitle "CBM 128"]
[Source "ChessBase"]
[SourceDate "2009.01.28"]
[SourceVersion "1"]
[SourceVersionDate "2009.01.28"]
[SourceQuality "1"]

1. d4 Nf6 2. Nf3 d5 3. c4 e6 4. Nc3 c6 5. e3 a6 6. b3 Bb4 7. Bd2 Bd6 8. Qc2 O-O
9. g3 $5 $146 {In my opinion, Black has to play e5 or c5 to give more
breathing space to his pieces. Hence after placing the bishop on g2 White may
be able to put pressure on Black's centre later on.} (9. Bd3 Nbd7 10. O-O {
tranposes to one of the key positions of the variation with 5...a6.}) 9... c5 (
9... Nbd7 10. Bg2 e5 $5) 10. Bg2 Nc6 11. O-O cxd4 $5 (11... b6 {was possible,
preparing to develop the bishop on b7.} 12. Rad1 cxd4 (12... Bb7 13. dxc5 bxc5
14. cxd5 exd5 15. Na4 Nb4 16. Qb1 {White has a minimal edge.}) 13. Nxd4 (13.
exd4 Bb7 14. Qb2 $13 (14. cxd5 $6 Nb4 15. Qb1 Nbxd5 $15)) 13... Nxd4 14. exd4
Bb7 15. Bg5 Rc8 $5 {with counterplay}) 12. exd4 Be7 13. Ne2 {Relocating the
knight to f4 closer to the kingside.} (13. c5 b6 14. Na4 bxc5 15. Nxc5 Bxc5 16.
Qxc5 Bb7 17. Bg5 (17. Bf4 Ne4 $36) 17... h6 18. Bxf6 Qxf6 19. Qb6 Rab8 $11)
13... Bd7 (13... Ne4 14. Be3 $14) 14. Nf4 (14. Ne5 Rc8 $132) 14... a5 $6 {
Black wants to gain space on the queenside, preventing the expansion with c5
and b4. However ...Rc8 was much more accurate intending to put pressure on the
central pawns, as c5 is not available to White.} (14... Rc8 15. Qb2 (15. c5 $2
Nxd4 $1 16. Nxd4 Bxc5 17. Qb2 e5 $17) 15... dxc4 16. bxc4 Na5 (16... b5 17. c5
$14) 17. Bxa5 Qxa5 18. Ne5 (18. Qxb7 $4 Rb8 19. Qa7 Ra8 20. Qb7 Rfb8 $19) 18...
Bc6 $1 {neutralizing the g2-bishop.} 19. Nxc6 bxc6 20. Rab1 Rfd8 {and the
position remains roughly equal.}) 15. Bc3 $1 {Protecting d4 and preparing Ne5.}
Qb6 (15... Rc8 16. Ne5 b5 $5 17. Nxd7 Qxd7 18. c5 $14) 16. Ne5 Rfd8 17. Rfe1 $6
{I wanted to save a move on Rad1, hoping to exploit an x-ray attack on the
e7-bishop. However the text leaves f2 undefended and gives Black the
opportunity for a fine pawn sacrifice.} ({It was possible to win a pawn with} 
17. cxd5 exd5 18. Bxd5 (18. Nxd5 Nxd5 19. Bxd5 Nxe5 20. dxe5 Rac8 {and White's
minor pieces are precariously placed}) 18... Nxe5 19. dxe5 Nxd5 20. Nxd5 Qc5
21. Nxe7+ Qxe7 $14 {But Black has excellent compensation due to light square
weakness on White's kingside and presence of opposite coloured Bishops.}) ({
Best in my opinion was} 17. Rad1 $5 Be8 18. Rfe1 $14 {maintaining the tension
though Black's position is quite solid}) 17... dxc4 $6 {Now everything falls
into place.} ({Correct was} 17... Nxe5 $1 18. dxe5 (18. Rxe5 Bc6 (18... Bd6))
18... Ne4 19. Bxe4 (19. cxd5 $2 {is not possible because of} Nxf2 $1 20. d6 (
20. Qxf2 $4 Bc5 $19) 20... Nd3+ 21. Kh1 Nxe1 22. Bxe1 Bg5 23. Bf2 Qa6 24. Nd3
Rdc8 25. Nc5 Qa7 $17) 19... dxe4 20. Qxe4 Bc6 21. Qe2 $14 {though White
remains a pawn ahead the light square weakness on White's kingside provides
full compensation for the pawn.} Bc5) (17... Nxd4 $6 {opens the centre to
White's advantage as his pieces are better co-ordinated} 18. Qb2 Nc6 19. cxd5
Nxe5 20. Rxe5 Ng4 21. dxe6 $1 {A forced exchange sacrifice for which the
compensation will be very strong in the form of two bishops and the weakened
position of Black's king.} (21. Re2 e5 $1 $132) 21... Nxe5 22. exd7 Nxd7 (22...
f6 23. Nd5 Qd6 24. Bxe5 fxe5 25. Nxe7+ Qxe7 26. Bxb7 Ra7 27. Bc8 {with a clear
advantage due to the passed pawn on d7. With Re1 to follow.}) 23. Nd5 Qd6 24.
Bxg7 (24. Rd1 $5 Qa3 25. Bxg7 Qxb2 26. Bxb2) 24... f6 25. Bh6 {With the idea
of Qe2 followed by Qg4.}) 18. Nxc4 Qa6 {A difficult decision. Black hopes that
he will be able to get the queen back into the game via the third rank, but
never manages to do so until the end of the game.} (18... Qc7 {preparing ...
Be8 defending the e7-Bishop was possible, though the queen will be a little
bit exposed here as the variations show.} 19. d5 exd5 (19... Nb4 $6 20. Qd2 Bb5
(20... exd5 21. Rxe7 dxc4 22. Bxf6 gxf6 23. Nh5 $18) 21. Be5 Qc5 (21... Qd7 22.
Nb6 $18) 22. Bd4 Qc7 23. Bb6 {winning the exchange}) 20. Nxd5 (20. Bxf6 Nb4 21.
Nxd5 Nxc2 22. Nxc7 Bxf6 23. Nxa8 Nxa1 24. Nab6 Be6 25. Bxb7 (25. Nd5 Nc2 26.
Nxf6+ gxf6) 25... Nc2 26. Rf1) 20... Nxd5 21. Bxd5 Be8 22. Be4 g6 (22... h6 23.
Ne3 Bg5 24. Bb2 $1 (24. Nd5 $4 Rxd5 25. Bxd5 Nb4 26. Qb2 Nxd5 27. Bxg7 f6 $17)
24... Rac8 (24... Bxe3 25. Rxe3 $16) 25. Nd5 Qd6 26. Rad1 Nb4 27. Qb1 {White
has a clear advantage because his pieces are better co-ordinated}) 23. Qb2 (23.
Bb2 Nd4 $1 {extinguishes White's initiative}) 23... Bb4 24. Bf6 Be7 (24... Bxe1
25. Rxe1 Rd7 26. Ne3 {followed by Ng4 and Black's king will not survive for
long.} {For example} Qd6 27. Bxc6 bxc6 28. Ng4 Qd2 29. Qe5 {and wins because
of the threat of Qxe8}) 25. Bxe7 Nxe7 26. Rac1 {with a strong initiative}) ({
Perhaps} 18... Qa7 {was the best defence keeping in touch with the c5- square.}
19. d5 (19. Rad1 Nb4 20. Qe2 Re8 $1 {followed by Bc6 when Black successfully
blockades the isolated pawn on d4.} (20... Bc6 $2 21. Nxe6 $1 $16)) 19... exd5
(19... Nb4 20. Qb2 Nfxd5 21. Nxd5 Nxd5 22. Bxd5 exd5 23. Rxe7 dxc4 24. Qd2 $18)
20. Nxd5 Nxd5 21. Bxd5 Qc5 $1 22. Be4 (22. Qe4 $6 Bf5 $1 {Exchanging White's
light squared bishop which is a key attacking piece.} 23. Qxf5 Rxd5 24. Qe4
Rdd8 $5 (24... Bf8 25. Nb6 $1 Rd6 26. Nxa8 Qxc3 27. Nc7 Nd4 28. Rec1 Qb2 29.
Kg2 $16) 25. Rac1 Bf8 $14) 22... f5 (22... g6 23. Bb2 {preparing Qc3} Nd4 24.
Bxd4 Qxd4 25. Rad1 Qf6 26. Ne3 (26. Bxb7 Rab8 27. Ne3 Be6 28. Bd5 Bb4 29. Re2
Bh3 $1 $14) 26... Bc6 27. Ng4 Qe6 28. Bxc6 Qxg4 29. Bxb7 Rxd1 30. Rxd1 Rd8 31.
Bd5 Kg7 32. Kg2 $16 {Though Black has good drawing chances due to the opposite
coloured bishops, the presence of a pair of rooks makes the defence extremely
difficult.}) (22... h6 23. Ne5 $1 Bf6 (23... Nxe5 24. Bh7+ Kf8 (24... Kh8 25.
Rxe5 Qa3 26. Bb2 Qd6 27. Rd1 Qf6 28. Be4 $16) 25. Rxe5 Qa3 (25... Qc7 26. Rxe7
$18) (25... Qc6) 26. Rae1 {with a strong attack.}) 24. Bh7+ Kf8 25. Nxc6 Qxc3
26. Nxd8 Qxc2 27. Bxc2 Bxa1 28. Nxf7 $1 Bc3 (28... Kxf7 29. Rxa1 $16) 29. Re3 (
29. Rd1 $5) 29... Rc8 30. Nd6 Rc7 31. Bg6 $16 {White is a clear pawn up,
though Black has practical chances because of the pair of bishops.} (31. Bf5
Bb4 32. Bxd7 Bxd6 33. Bf5)) 23. Bg2 Be8 24. Qb2 Bf8 25. Rac1 {with a good
initiative.}) 19. d5 exd5 (19... Nb4 20. Qb2 Nfxd5 21. Nxd5 exd5 (21... Nxd5
22. Bxg7 $16) 22. Rxe7 dxc4 23. Qd2 Bf5 24. Qf4 Qg6 25. bxc4 {the pair of
bishops and the rook on seventh rank give a clear advantage to White.}) 20.
Nxd5 Nxd5 21. Bxd5 Bf8 {Diagram} (21... Bb4 22. Bxf7+ $1 Kxf7 23. Qxh7 Bxc3 24.
Nd6+ Kf6 25. Qh4+ Kg6 26. Qe4+ Kf6 (26... Kh5 $2 27. Qh7+ Kg5 28. Ne4+ Kg4 29.
Qg6+ Kh3 30. Qh5#) 27. Qf3+ Kg6 28. Qxc3 Kh7 (28... Bf5 29. Nxf5 Kxf5 30. Qxg7
$18) 29. Re4 $1 {Black's major pieces are sleeping on the queenside and hence
the attack on the black king is decisive.} Be8 30. Nf5 Rd7 31. Rh4+ Kg8 32. Rg4
{wins}) (21... Nb4 22. Bxf7+ $1 Kxf7 23. Qxh7 Bf6 24. Bxf6 Qxf6 25. Ne5+ Kf8
26. Nxd7+ Rxd7 27. Qh8+ Kf7 28. Qxa8 {wins}) 22. Qe4 $6 {Bringing the queen
over to attack the kingside and preventing Ne7 as b7 is hanging.} ({I spent
roughly 15 minutes on considering the winning piece sacrifice.} 22. Bxf7+ $3
Kxf7 23. Qxh7 {with the idea of Nd6+} Be6 (23... Bc8 24. Re4 Rd5 25. Rf4+ $18)
24. Re4 {with Rae1 to follow, but simply did not have the guts to play it with
only 20 minutes remaining on my clock. Black has no defence.} {For example} Ne7
25. Rae1 Rd5 (25... Bxc4 26. Rxe7+ Bxe7 27. Qxg7+ Ke8 28. Rxe7#) 26. Ne5+ Ke8 (
26... Rxe5 27. Rxe5 Qc6 28. Ba1 $1) 27. Ng6 {winning}) 22... Re8 23. Qf3 Be6 (
23... Nd8 24. Rxe8 Bxe8 25. Bxa5 {Black has no compensation for the material
lost.}) 24. Bxe6 fxe6 25. Rad1 Rad8 26. Qg4 Rxd1 27. Rxd1 b5 $6 ({Black could
offer much more resistance with} 27... Re7 28. Nd6 Nb4 29. Bxg7 $1 (29. Ne4 Nd5
30. Bb2 Rf7 31. Rc1 $14) 29... h5 $1 (29... Rxg7 30. Qxe6+ Kh8 31. Nf7+ Kg8 32.
Nh6+ Kh8 33. Qc8 Rxg3+ 34. hxg3 Qxh6 35. Rd4 $1 $18) (29... Bxg7 30. Nc8 Nc6
31. Nxe7+ Nxe7 32. Rd8+ Kf7 33. Qh5+ Kf6 34. Rd7 {with a winning endgame}) 30.
Qxh5 Rxg7 (30... Bxg7 31. Nc8 $18) 31. Ne8 Nd5 32. Nxg7 Kxg7 33. h4 {though
White is well placed materially he still has to make some accurate moves to
win.}) 28. Rd7 Re7 29. Nd6 $1 {the last piece is brought into the attack. With
the black queen still sleeping on a6, the text is decisive.} h5 (29... Rxd7 30.
Qxe6+ Kh8 31. Qxd7 Nb8 32. Bxg7+ Bxg7 33. Qe8+ Bf8 34. Qxf8#) 30. Qg6 b4 (30...
Rxd7 31. Qxe6+ Kh7 32. Qf5+ $5 Kg8 33. Qxd7 $18) 31. Rxe7 ({The aesthetic} 31.
Ne8 $1 {leads to mate in 5 as the little fish (or is it a dolphin!?) informs
me!}) 31... Nxe7 32. Qxe6+ (32. Qf7+ Kh7 33. Bxg7 Bxg7 34. Ne8 Nf5 35. Nf6+ $18
) 32... Kh7 33. Bxg7 1-0

[Event "Chengdu FIDE GP (Women)"]
[Site "Chengdu"]
[Date "2016.07.14"]
[Round "11"]
[White "Koneru, Humpy"]
[Black "Stefanova, Antoaneta"]
[Result "1-0"]
[WhiteElo "2575"]
[BlackElo "2512"]
[Annotator "Schulz,Andre"]
[PlyCount "129"]
[EventDate "2016.07.02"]
[EventType "tourn"]
[EventRounds "11"]
[EventCountry "CHN"]
[EventCategory "11"]
[SourceTitle "CBM 174"]
[Source "ChessBase"]
[SourceDate "2016.09.13"]
[SourceVersion "1"]
[SourceVersionDate "2016.09.13"]
[SourceQuality "1"]

1. d4 d5 2. c4 c6 3. Nc3 Nf6 4. e3 e6 5. Nf3 a6 6. c5 b6 7. cxb6 Qxb6 8. Bd3 (
8. Bd2 a5 9. Na4 Qa7 10. Rc1 Bd6 11. Bd3 Ba6 12. Qe2 Bxd3 13. Qxd3 Ne4 14. O-O
O-O 15. Rc2 Rc8 16. Rfc1 Qb7 17. Qb3 Qxb3 18. axb3 Rc7 19. Be1 f6 20. Nc3 f5
21. Na4 f4 22. exf4 Bxf4 23. Ra1 Rb7 24. Ne5 Rxb3 25. Nxc6 Nxc6 26. Rxc6 Kf7
27. g3 Bd2 28. Bxd2 Nxd2 29. Nc5 Rxb2 30. Rc7+ Kf6 31. Ra3 a4 32. Re3 Re8 33.
Nxa4 Rb4 34. Nc5 Rxd4 35. Rc6 Rc4 36. Nd7+ Kg5 37. Rcxe6 Rxe6 38. Rxe6 Rd4 39.
h4+ Kh5 40. Kg2 Ne4 41. Ne5 Nf6 42. Re7 Kh6 43. f3 Rd1 44. g4 g5 45. Re6 Kg7
46. hxg5 Ng8 47. f4 h6 48. gxh6+ Nxh6 49. Rg6+ Kh7 50. Rd6 d4 51. Rd7+ Kg8 52.
Kg3 Kf8 53. Rd8+ Ke7 54. Rxd4 {1-0 (54) Sargissian,G (2693)-Stefanova,A (2507)
Dubai 2016}) 8... a5 9. Na4 {[#] Thema der Partie ist die Kontrolle des Feldes
e5 und die Schwäche des rückständigen Bauern c6.} Qa7 10. O-O Nbd7 11. b3
Ba6 12. Bxa6 Qxa6 13. Qc2 Bd6 14. Bb2 O-O 15. Ne5 Rfc8 16. Nd3 Qa7 17. Rfc1 Qb8
18. h3 Ne4 19. Qd1 Ra7 20. Rc2 Rac7 21. Rac1 Qa7 22. Qe1 f5 23. f3 Bg3 24. Qe2
Nd6 25. Ndc5 Nxc5 26. Nxc5 Re7 27. Nd3 Rec7 28. Ba3 Nb7 29. Bc5 Qa6 30. Qd1 Re8
31. f4 Bh4 32. a4 Bf6 33. Ba3 Nd8 34. Bd6 Rc8 35. Qd2 Nf7 36. Ba3 Rc7 37. Kh2
Qb6 38. Rc3 Rec8 39. Qc2 {[#] Mehr Kontrolle über das Feld c5 war nicht
möglich!} Nd8 40. Bc5 Qa6 41. Bd6 Ra7 42. Nc5 Qb6 {[#]} 43. Nxe6 $5 {Weiß
möchte unbedingt gewinnen und riskiert etwas.} Nxe6 44. Qxf5 Re8 45. Rxc6 Qxb3
46. R1c3 Qb7 47. Qxd5 Qf7 48. Rc8 Nd8 49. Qb5 Bh4 50. Be5 {Obwohl sie ein
"Mann" weniger sind, kontrollieren die Weißen das Spiel.} Qg6 51. f5 Qf7 52.
R3c7 Rxc7 53. Rxc7 Be7 54. e4 Qf8 55. Rc8 {[#]} Bd6 56. Qd5+ Nf7 {Der Springer,
da gefesselt, deckt nur virtuell. Aber die Stellung war ohnehin hinüber.} 57.
Rxe8 Qxe8 58. Bxd6 h5 59. e5 Qxa4 60. e6 Nxd6 61. e7+ Nf7 62. Qa8+ Kh7 63. e8=Q
Qxd4 64. Qg8+ Kh6 65. Qc6+ 1-0

[Event "EU-Cup 31st"]
[Site "Skopje"]
[Date "2015.10.20"]
[Round "3.2"]
[White "Postny, Evgeny"]
[Black "Renet, Olivier"]
[Result "1-0"]
[WhiteElo "2658"]
[BlackElo "2535"]
[Annotator "Schulz,Andre"]
[PlyCount "47"]
[EventDate "2015.10.18"]
[EventType "team-swiss"]
[EventRounds "7"]
[EventCountry "MKD"]
[SourceTitle "CBM 169"]
[Source "ChessBase"]
[SourceDate "2015.11.10"]
[SourceVersion "1"]
[SourceVersionDate "2015.11.10"]
[SourceQuality "1"]
[WhiteTeam "Beer Sheva"]
[BlackTeam "Riehen"]
[WhiteTeamCountry "ISR"]
[BlackTeamCountry "SUI"]

1. d4 Nf6 2. c4 e6 3. Nf3 d5 4. Nc3 c6 5. e3 Nbd7 6. Qc2 Bd6 7. b3 O-O 8. Bb2
b6 9. Bd3 Bb7 10. O-O Qe7 11. Rfe1 dxc4 12. bxc4 c5 {[#]} 13. d5 exd5 $2 ({
Spielbar für Schwarz war} 13... Ne5 14. Nxe5 Bxe5 15. e4 Nd7 $14) 14. Nxd5
Nxd5 (14... Bxd5 15. cxd5 $16) 15. Bxh7+ Kh8 16. cxd5 Nf6 $2 ({Nach} 16... Bxd5
17. e4 Bb7 18. e5 Bxf3 19. exd6 Qg5 20. g3 Rad8 21. Be4 $16 {steht Schwarz
schlecht, aber noch nicht verloren.}) 17. Bf5 Nxd5 {[#]} 18. e4 {Führt am
Ende zur Öffnung der e-Linie und zum Zusammenbruch der schwarzen Stellung.}
Nf4 19. Qc3 f6 20. g3 Ne6 21. e5 fxe5 22. Nxe5 Bxe5 23. Qxe5 Rxf5 24. Qxf5 1-0

[Event "RUS-chT 23rd"]
[Site "Sochi"]
[Date "2016.05.09"]
[Round "9.2"]
[White "Bu, Xiangzhi"]
[Black "Rublevsky, Sergei"]
[Result "1-0"]
[WhiteElo "2723"]
[BlackElo "2692"]
[Annotator "Schulz,Andre"]
[PlyCount "77"]
[EventDate "2016.05.01"]
[EventType "team-tourn"]
[EventRounds "10"]
[EventCountry "RUS"]
[SourceTitle "CBM 173"]
[Source "ChessBase"]
[SourceDate "2016.07.12"]
[SourceVersion "1"]
[SourceVersionDate "2016.07.12"]
[SourceQuality "1"]
[WhiteTeam "St Petersburg Bronze Horseman"]
[BlackTeam "Novosibirsk Siberia"]
[WhiteTeamCountry "RUS"]
[BlackTeamCountry "RUS"]

1. Nf3 d5 2. c4 c6 3. e3 Nf6 4. Nc3 a6 5. d4 e6 6. b3 Bb4 7. Bd2 Nbd7 8. Bd3
O-O 9. O-O Bd6 10. Re1 h6 11. Qc1 ({Diese Variante kennt Bu auch aus der
anderen Perspektive:} 11. h3 Re8 12. Qc2 e5 13. cxd5 Nxd5 14. Nxd5 cxd5 15.
dxe5 Nxe5 16. Nxe5 Bxe5 17. Bc3 Bxc3 18. Qxc3 Qg5 19. Kf1 Bf5 20. Bxf5 Qxf5 21.
Rac1 Rac8 22. Qd2 Qe5 23. Kg1 g6 24. Red1 h5 25. a4 Rc6 26. Rxc6 bxc6 27. Rc1
Rb8 28. Rc3 c5 29. Rxc5 Rxb3 30. Qd1 Ra3 31. Rxd5 Qa1 32. Qxa1 Rxa1+ 33. Kh2
Rxa4 34. g4 hxg4 35. hxg4 Rxg4 {1/2-1/2 (35) Sargissian,G (2693)-Bu,X (2670)
Istanbul 2012}) ({In einigen Vorgängerpartie geschah} 11. e4 {z.B.:} dxc4 12.
bxc4 e5 13. c5 Bc7 14. Qc2 exd4 15. Ne2 Ng4 16. Nexd4 Nde5 17. h3 Nxd3 18. Qxd3
Ne5 19. Nxe5 Bxe5 20. Be3 Qf6 21. Rad1 Rd8 22. Qc4 Bc7 23. Qc2 Qg6 24. Kf1 Bd7
25. f4 Qf6 26. f5 b6 27. Nf3 bxc5 28. Bxc5 Bg3 29. Bd4 Qe7 30. Bc5 Qf6 31. Bf2
Bxf2 32. Kxf2 Qe7 33. e5 Be8 34. Qc3 c5 35. f6 Qe6 36. Qxc5 gxf6 37. Rd6 Rxd6
38. exd6 Qxa2+ 39. Re2 Qa4 40. Qf5 Kg7 41. Re7 Rd8 42. d7 Bxd7 43. Qd5 Qc2+ 44.
Kg1 Qxg2+ 45. Kxg2 Bxh3+ 46. Kxh3 Rxd5 47. Ra7 Ra5 48. Nd4 Kg6 49. Nc6 Ra3+ 50.
Kh4 Ra4+ 51. Kh3 h5 {1/2-1/2 (51) Bacrot,E (2705)-Rublevsky,S (2681) Poikovsky
2011}) 11... e5 12. cxd5 cxd5 13. e4 exd4 14. Nxd5 Nxd5 15. exd5 Qf6 16. Qc4
Nb6 17. Qxd4 Qxd4 18. Nxd4 Nxd5 {Eine nahezu symmetrische Stellung, in der
Weiß aber zwei Tempi gewonnen hat. Der Ld2 ist entwickelt, ebenso der Te1.
Und Weiß ist am Zug. Objektiv ist die Stellung wohl ausgeglichen, aber es
gibt ein paar Feinheiten.} 19. Be4 Nf6 ({Im Sinne der Symmetrie hätte man} 
19... Be5 {fortsetzen können:} 20. Bxd5 Bxd4 21. Rad1 ({Nach} 21. Rac1 {
verliert Weiß einen Bauern:} Rd8 22. Bf3 Bxf2+ 23. Kxf2 Rxd2+ 24. Re2 Rxe2+
25. Kxe2 Rb8 {Zum Gewinn reicht der schwarze Mehrbauer wegen der Aktivität
der weißen Steine jedoch nicht:} 26. Rc7 b6 27. Bd5 Bg4+ 28. Kf2 Bh5 $11)
21... Bg4 {mit der interessanten Möglichkeit} 22. Bb4 $5 ({Oder} 22. Rc1 Rad8
23. Bxb7 Bxf2+ 24. Kxf2 Rxd2+ 25. Kg3 Be2 26. a4 $11) 22... Bxd1 23. Rxd1 Rfd8
24. Rxd4 Rd7 25. Ba5 {Weiß hat zwei Läufer für den Turm. Wahrscheinlich
endet die Partie remis.}) 20. Bf3 Bc5 21. Be3 Rb8 22. h3 (22. Rac1 Ba3 23. Rcd1
Bg4 $11) 22... Bd7 23. Ne6 Bxe6 ({Den Qualitätsverlust} 23... Bxe3 24. Nxf8
Bxf2+ 25. Kxf2 Kxf8 $18 {kann sich Schwarz nicht leisten.}) 24. Bxc5 {Weiß
hat das Läuferpaar gewonnen. Die Partie ist immer noch ausgeglichen, aber
etwas bequemer für Weiß.} Rfd8 25. Rad1 {Droht Tausch auf d8 und Lxb7.} Nd5
26. Re5 b6 ({Möglich war auch} 26... Nc3 27. Rxd8+ Rxd8 28. Bxb7 Nxa2 29. Bxa6
Bxb3 $11) 27. Bxd5 bxc5 28. Rd3 a5 29. Be4 Rxd3 30. Bxd3 $11 {Mit der letzten
Abwicklung wurden die schwarzen Bauern am Damenflügel vereinzelt, was aber
nicht ins Gewicht fallen sollte. [#]} a4 31. bxa4 c4 32. Be4 g5 $2 {Eine
Nachlässigkeit mit bösen Folgen. [#]} ({Richtig war} 32... Rb2 33. f4 (33.
Rb5 c3) 33... g6 {und auf} 34. a5 Rxa2 35. Bb7 $2 (35. g4 c3 36. Rc5 $11) {
bringt} 35... c3 {Schwarz schon in Vorteil:} 36. a6 Bc4 $17) 33. Rb5 $16 {
Nun hat Schwarz ernsthafte Probleme.} Rc8 34. a5 {Wie hält man den a-Bauern
auf?} c3 35. a6 Bc4 36. a4 $1 {Die Pointe.} ({Weniger überzeugend ist} 36. Ra5
c2 37. Bxc2 Bxa6 38. Rxa6 Rxc2) 36... Rc7 (36... Bxb5 37. axb5 c2 38. Bxc2 Rxc2
39. b6 {Und einer der Bauern läuft durch.}) 37. Rb7 Rc8 (37... Rc5 38. a7 Ra5
39. Rb8+ $18) 38. a7 Bd5 39. Rb8 (39. Bxd5 $4 c2 {Haha.}) 1-0